Statistiques concernant Carte d'Asie pixelisée

Cliquez ici pour prendre le quiz!

Statistiques générales

  • Ce quiz a été pris 1,619 fois
  • Le résultat moyen est 264 sur 283

Statistiques - réponses

Pays % Correct
Chine
100%
Chine
100%
Chine
100%
Chine
100%
Chine
100%
Chine
100%
Chine
100%
Chine
100%
Chine
100%
Chine
100%
Chine
100%
Chine
100%
Chine
100%
Chine
100%
Chine
100%
Chine
100%
Chine
100%
Chine
100%
Chine
100%
Chine
100%
Chine
100%
Chine
100%
Chine
100%
Chine
100%
Chine
100%
Chine
100%
Chine
100%
Chine
100%
Chine
100%
Chine
100%
Chine
100%
Chine
100%
Chine
100%
Chine
100%
Chine
100%
Chine
100%
Chine
100%
Chine
100%
Chine
100%
Chine
100%
Chine
100%
Chine
100%
Chine
100%
Chine
100%
Chine
100%
Chine
100%
Chine
100%
Chine
100%
Chine
100%
Chine
100%
Chine
100%
Chine
100%
Chine
100%
Chine
100%
Chine
100%
Chine
100%
Chine
100%
Chine
100%
Chine
100%
Chine
100%
Chine
100%
Chine
100%
Chine
100%
Chine
100%
Chine
100%
Chine
100%
Chine
100%
Chine
100%
Chine
100%
Chine
100%
Chine
100%
Chine
100%
Chine
100%
Chine
100%
Chine
100%
Chine
100%
Chine
100%
Chine
100%
Chine
100%
Chine
100%
Chine
100%
Chine
100%
Chine
100%
Chine
100%
Chine
100%
Chine
100%
Chine
100%
Chine
100%
Inde
99%
Inde
99%
Inde
99%
Inde
99%
Inde
99%
Inde
99%
Inde
99%
Inde
99%
Inde
99%
Inde
99%
Inde
99%
Inde
99%
Inde
99%
Inde
99%
Inde
99%
Inde
99%
Inde
99%
Inde
99%
Inde
99%
Inde
99%
Inde
99%
Inde
99%
Inde
99%
Inde
99%
Inde
99%
Inde
99%
Japon
97%
Japon
97%
Japon
97%
Japon
97%
Mongolie
96%
Mongolie
96%
Mongolie
96%
Mongolie
96%
Mongolie
96%
Mongolie
96%
Mongolie
96%
Mongolie
96%
Mongolie
96%
Mongolie
96%
Mongolie
96%
Mongolie
96%
Mongolie
96%
Mongolie
96%
Mongolie
96%
Mongolie
96%
Mongolie
96%
Mongolie
96%
Mongolie
96%
Indonésie
93%
Arabie Saoudite
93%
Arabie Saoudite
93%
Arabie Saoudite
93%
Corée du Sud
93%
Indonésie
93%
Arabie Saoudite
93%
Arabie Saoudite
93%
Arabie Saoudite
93%
Arabie Saoudite
93%
Arabie Saoudite
93%
Indonésie
93%
Indonésie
93%
Indonésie
93%
Indonésie
93%
Indonésie
93%
Indonésie
93%
Indonésie
93%
Indonésie
93%
Indonésie
93%
Indonésie
93%
Arabie Saoudite
93%
Arabie Saoudite
93%
Arabie Saoudite
93%
Arabie Saoudite
93%
Arabie Saoudite
93%
Arabie Saoudite
93%
Arabie Saoudite
93%
Arabie Saoudite
93%
Arabie Saoudite
93%
Iran
92%
Iran
92%
Iran
92%
Iran
92%
Iran
92%
Iran
92%
Iran
92%
Iran
92%
Corée du Nord
92%
Iran
92%
Iran
92%
Iran
92%
Iran
92%
Iran
92%
Pakistan
90%
Pakistan
90%
Pakistan
90%
Pakistan
90%
Pakistan
90%
Pakistan
90%
Pakistan
90%
Irak
90%
Irak
90%
Thaïlande
90%
Thaïlande
90%
Thaïlande
90%
Thaïlande
90%
Irak
90%
Thaïlande
90%
Pakistan
90%
Pakistan
90%
Kazakhstan
89%
Kazakhstan
89%
Kazakhstan
89%
Kazakhstan
89%
Kazakhstan
89%
Kazakhstan
89%
Kazakhstan
89%
Kazakhstan
89%
Kazakhstan
89%
Kazakhstan
89%
Viêt Nam
89%
Kazakhstan
89%
Kazakhstan
89%
Kazakhstan
89%
Kazakhstan
89%
Kazakhstan
89%
Kazakhstan
89%
Kazakhstan
89%
Kazakhstan
89%
Kazakhstan
89%
Kazakhstan
89%
Kazakhstan
89%
Kazakhstan
89%
Kazakhstan
89%
Kazakhstan
89%
Kazakhstan
89%
Kazakhstan
89%
Kazakhstan
89%
Kazakhstan
89%
Kazakhstan
89%
Kazakhstan
89%
Kazakhstan
89%
Yémen
87%
Laos
87%
Yémen
87%
Laos
87%
Turquie
87%
Turquie
87%
Turquie
87%
Turquie
87%
Turquie
87%
Turquie
87%
Turquie
87%
Yémen
87%
Yémen
87%
Turquie
87%
Turquie
87%
Sri Lanka
86%
Afghanistan
85%
Afghanistan
85%
Oman
85%
Népal
85%
Afghanistan
85%
Afghanistan
85%
Afghanistan
85%
Syrie
84%
Syrie
84%
Ouzbékistan
83%
Cambodge
83%
Ouzbékistan
83%
Philippines
83%
Philippines
83%
Ouzbékistan
83%
Ouzbékistan
83%
Ouzbékistan
83%
Birmanie
82%
Malaisie
82%
Birmanie
82%
Malaisie
82%
Malaisie
82%
Birmanie
82%
Birmanie
82%
Birmanie
82%
Turkménistan
81%
Turkménistan
81%
Turkménistan
81%
Turkménistan
81%
Émirats arabes unis
81%
Turkménistan
81%
Tadjikistan
77%
Tadjikistan
77%
Jordanie
75%
Azerbaïdjan
73%
Kirghizistan
72%
Géorgie
71%

Distribution des résultats

Percentile by Number Answered

% des personnes avec chaque résultat

Votre développement - résultats

Vous n’avez pas pris ce quiz